书目信息 |
| 题名: |
BBC科技聚焦
|
|
| 作者: | ;冯麓 译 ;BBC聚焦 (Focus) 杂志 编 | |
| 分册: | 物理难题 | |
| 出版信息: | 北京 人民邮电出版社 2021 |
|
| 页数: | 95页 | |
| 开本: | 26cm | |
| 丛书名: | ||
| 单 册: | ||
| 中图分类: | N49 , O4-49 | |
| 科图分类: | ||
| 主题词: | 科学技术--ke xue ji shu--普及读物 , 物理学--wu li xue--普及读物 | |
| 电子资源: | ||
| ISBN: | 978-7-115-55410-9 | |
| 000 | 01122nam0 2200289 450 | |
| 001 | 2146584235 | |
| 005 | 20211113125315.73 | |
| 010 | @a978-7-115-55410-9@dCNY59.90 | |
| 100 | @a20210721d2021 em y0chiy50 ea | |
| 101 | 1 | @achi@ceng |
| 102 | @aCN@b110000 | |
| 105 | @aa z 000yy | |
| 200 | 1 | @aBBC科技聚焦@ABBC ke ji ju jiao@i物理难题@i= Mind-bending science simply explained@f(英) BBC《聚焦》 (Focus) 杂志编@g冯麓译 |
| 210 | @a北京@c人民邮电出版社@d2021 | |
| 215 | @a95页@c图 (部分彩图)@d26cm | |
| 312 | @a书名原文取自版权页 | |
| 330 | @a本书主要介绍了在物理学和宇宙学发展过程中出现的一些令人费解的难题,介绍了在不同尺度下,从微观的亚原子粒子到宏观的宇宙学概念,以及宇宙是如何运作的等诸多的前沿科学思想。 | |
| 500 | 10 | @aBBC focus@iMind-bending science simply explained@mChinese |
| 517 | 1 | @a物理难题@Awu li nan ti |
| 606 | 0 | @a科学技术@Ake xue ji shu@j普及读物 |
| 606 | 0 | @a物理学@Awu li xue@j普及读物 |
| 690 | @aN49@v5 | |
| 690 | @aO4-49@v5 | |
| 702 | 0 | @a冯麓@Afeng lu@4译 |
| 711 | 02 | @aBBC聚焦 (Focus) 杂志@ABBC ju jiao (Focus) za zhi@4编 |
| 801 | 0 | @aCN@bBP@c20210721 |
| 905 | @aZUCC@dN49@e238 | |
| BBC科技聚焦.物理难题.= Mind-bending science simply explained/(英) BBC《聚焦》 (Focus) 杂志编/冯麓译.-北京:人民邮电出版社,2021 |
| 95页:图 (部分彩图);26cm |
| ISBN 978-7-115-55410-9:CNY59.90 |
| 本书主要介绍了在物理学和宇宙学发展过程中出现的一些令人费解的难题,介绍了在不同尺度下,从微观的亚原子粒子到宏观的宇宙学概念,以及宇宙是如何运作的等诸多的前沿科学思想。 |
| ● |
| 相关链接 |
|
|
|
正题名:BBC科技聚焦
索取号:N49/238
 
预约/预借
| 序号 | 登录号 | 条形码 | 馆藏地/架位号 | 状态 | 备注 |
| 1 | 2000883172 | 2000883172 | 第三书库/ [索取号:N49/238] | 在馆 | |
| 2 | 2000883173 | 2000883173 | 第三书库/ [索取号:N49/238] | 在馆 | |
| 3 | 2000883174 | 2000883174 | 第三书库/ [索取号:N49/238] | 在馆 |